Piłkarze Juventusu Turyn - nagła śmierć - Statystyki

Ogólne statystyki
  • Ten quiz został rozwiązany 229 razy
  • Średni wynik to 7 z 9
Answers on the Grid
Answers color-coded by a green-red scale on the quiz's grid according to % correct below.
Randal Kolo Muani
Savinho
Kenan Yildiz
Theo Hernandez
Khéphren Thuram
Marcus Thuram
Danilo
M. Di Gregorio
Dušan Vlahović
Nico Paz
Arkadiusz Milik
Łukasz Skorupski
Giovanni Fabbian
Manuel Locatelli
Giovanni Di Lorenzo
Timothy Weah
 
Statystyki odpowiedzi
Odpowiedź % Poprawnych
Randal Kolo Muani
91%
Kenan Yildiz
89%
Arkadiusz Milik
77%
Dušan Vlahović
76%
Khéphren Thuram
75%
Manuel Locatelli
74%
M. Di Gregorio
73%
Timothy Weah
69%
Danilo
65%
Nie znaleziono quizów pasujących do podanych kryteriów
Rozkład punktacji
Procent ludzi z każdym wynikiem
Percentyl według liczby udzielonych odpowiedzi
Twoja historia wyników
Nie rozwiązałeś tego quizu